| 000 | 00570aam a2200253 4500 | ||
|---|---|---|---|
| 005 | 20240606175137.0 | ||
| 008 | 150526b xxu||||| |||| 00| 0 spa d | ||
| 020 | _a9789972209987 | ||
| 041 | _aESP | ||
| 082 | _a747.3 A473a | ||
| 100 | _aÁlvarez, Lucrecia | ||
| 245 | _aAcabados de construcción | ||
| 260 | _aEspaña | ||
| 260 | _bLexus | ||
| 260 | _c2010 | ||
| 300 | _a255 páginas | ||
| 650 | _aDECORACIÓN DE INTERIORES | ||
| 650 | _aSUELOS | ||
| 650 | _aPAREDES | ||
| 650 | _aTECHOS | ||
| 650 | _aFACHADAS | ||
| 942 |
_cBK _2ddc |
||
| 999 |
_c2266 _d2266 |
||